[Event "Novi Sad op"]
[Site "Novi Sad"]
[Date "1988.??.??"]
[Round "10"]
[White "Dekic, Josip"]
[Black "Plackic, Branislav"]
[Result "1-0"]
[WhiteElo "2210"]
[BlackElo "2210"]
[PlyCount "37"]
[EventDate "1988.07.01"]
[EventType "swiss"]
[EventRounds "11"]
[EventCountry "YUG"]
[SourceTitle "EXT 1997"]
[Source "ChessBase"]
[SourceDate "1996.11.15"]
[SourceVersion "1"]
[SourceVersionDate "1996.11.15"]
[SourceQuality "1"]

1. e4 c5 2. Nf3 e6 3. d4 cxd4 4. Nxd4 Nf6 5. Nc3 d6 6. Bc4 Be7 7. Bb3 a6 8. f4 Nc6 9. Be3 Na5 10. Qe2 b5 11. e5 Nd7 12. Bxe6 dxe5 13. Bxd7+ Bxd7 14. fxe5 Nc4 15. e6 fxe6 16. 0-0 e5 17. Nd5 Nxe3 18. Qh5+ g6 19. Qxe5 1-0